00661nam a2200265Ia 4500008004100000020001400041050001100055050001400066100002300080245002300103245004100126245002600167260001000193260002500203260000900228300001500237300002800252300001000280650001400290650001200304650002500316700002400341700001100365999001900376170711s9999 xx 000 0 und d a79225922X a294.53 bH466 2006 aHeiligman, Deborah aCelebrate Diwali : bwith sweets, lights, and fireworks / cby Deborah Heiligman. aUSA : bNational Geographic, c2006 a32 pages : bcolored illustrations ; c26cm. aDiwali -- aDiwali. xJuvenile literature. aNarayanan, Visudha. aTitle. c339704d339704